|
|
|
|
| LEADER |
05251nam a22003973i 4500 |
| 001 |
EBC7101422 |
| 003 |
MiAaPQ |
| 005 |
20240729202204.0 |
| 006 |
m o d | |
| 007 |
cr cnu|||||||| |
| 008 |
240729s2016 xx o ||||0 ger d |
| 020 |
|
|
|a 9783428575114
|q (electronic bk.)
|
| 020 |
|
|
|z 9783428175116
|
| 035 |
|
|
|a (MiAaPQ)EBC7101422
|
| 035 |
|
|
|a (Au-PeEL)EBL7101422
|
| 035 |
|
|
|a (OCoLC)1347025793
|
| 040 |
|
|
|a MiAaPQ
|b eng
|e rda
|e pn
|c MiAaPQ
|d MiAaPQ
|
| 100 |
1 |
|
|a Lotz, Walther.
|
| 245 |
1 |
0 |
|a Kapitalbildung und Besteuerung :
|b Finanzwissenschaftliche Untersuchungen, Vierter Teil. Wissenschaftliche Gutachten. (Schriften des Vereins Für Sozialpolitik 174-IV).
|
| 250 |
|
|
|a 1st ed.
|
| 264 |
|
1 |
|a Berlin :
|b Duncker & Humblot,
|c 2016.
|
| 264 |
|
4 |
|c {copy}1929.
|
| 300 |
|
|
|a 1 online resource (366 pages)
|
| 336 |
|
|
|a text
|b txt
|2 rdacontent
|
| 337 |
|
|
|a computer
|b c
|2 rdamedia
|
| 338 |
|
|
|a online resource
|b cr
|2 rdacarrier
|
| 490 |
1 |
|
|a Duncker and Humblot Reprints Series
|
| 505 |
0 |
|
|a Intro -- Inhaltsverzeichnis -- Kapitalbedarf und Kapitalbildung in Deutschland. Ein statistischer Versuch. Von Kurt Singer, Hamburg -- I. Begriff -- II. Methode -- III. Daten -- 1. Die Aktiengesellschaften -- 2. Gesellschaften mit beschränkter Haftung -- 3. Emissionen von Schuldverschreibungen seitens privater und öffentlicher Unternehmungen -- 4. Die öffentlichen Körperschaften -- a) Ausgabe von Schuldverschreibungen seitens öffentlicher Körperschaften -- b) Kommunaldarlehen -- c) Investitionen aus laufenden Mitteln -- 5. Der Hypothekarkredit -- IV. Vergleich -- V. Schätzungen -- Kapitalbedarf, Kapitalbildung und Volkseinkommen in Österreich. Von Friedrich Hertz, Wien -- Inhaltsverzeichnis -- Arten des Kapitalbedarfs -- Das Betriebskapital der Industrie -- Banken -- Investitionsbedarf und Industrie -- Landwirtschaft -- Staatliche und kommunale Investitionen -- Auslandsanleihen für Investitionen -- Kapitalneubildung - Spareinlagen -- Emissionen von Wertpapieren -- Kapitalsverluste -- Volkseinkommen und Kapitalbildung -- Volkseinkommen und Steuerbelastung -- Schlußfolgerungen -- Die Steuersysteme des Reiches, der Länder und Gemeinden und die Kapitalbildung. Von Hellmuth Wolff -- Inhaltsverzeichnis -- Vorbemerkung -- 1. Der Zweck der Besteuerung -- 2. Aus den Grundsätzen der Besteuerung -- 3. Von den Steuersystemen 1913 und jetzt -- 4. Die Bedeutung der einzelnen Steuern für die Kapitalbildung -- A. Zur Einleitung -- B. Gewerbe-, Grundvermögen- und Hauszinssteuer -- C. Die verschiedenen Vermögensteuern -- D. Die Kapitalverkehrsteuern und die Umsatzsteuer -- E. Die Einkommensteuern -- 5. Die Steuererträge -- 6. Zinstragende Zwangslasten -- 7. Die Kapitalbildung -- A. Allgemeines -- B. Die Sparkassen -- 8. Die Kapitalverwendung -- 9. Auslandskapital in Deutschland -- 10. Schluß -- Reparationslast und Kapitalbildung. Von Hans Ritschl.
|
| 505 |
8 |
|
|a Einleitung: Transferproblem und Aufbringungsproblem -- I. Die Prognosen -- II. Die Reparationsbelastung -- 1. Leistungen aus dem Reichsbahnvermögen -- 2. Die Industriebelastung -- 3. Reparationszahlungen ans dem Reichshaushalt -- III. Reparationslast und Kapitalbildung -- IV. Die Gleichwertigkeit der Besteuerung -- V. Ausblick -- Die Kapitalbildung der öffentlichen Hand seit dem Krieg in Deutschland und Deutschösterreich. Mit statistischen Nachweisen. Von Benedikt Kautsky, Wien -- Inhaltsverzeichnis -- Einleitung -- I. Bergbau und Hüttenwesen -- II. Energiewirtschaft -- III. Verkehr -- IV. Kreditorganisationen -- V. Wohnhausbau -- Das österreichische Steuersystem des Bundes, der Länder und Gemeinden und die Kapitalbildung. Von Alexander Spitzmüller, Wien. -- I. Einleitung -- II. Gliederung der Abgaben und Abgabenteilung -- III. Bundes- und gemeinschaftliche Abgaben -- IV. Die Abgaben der Länder und Gemeinden -- V. Gesamtsteuerbelastung, Kapitalbildung und Abgabenverwendung -- Besteuerung, Kapitalbildung, Staatszweck und Steuerverwendung in der Theoriengeschichte. Von Louise Sommer, Genf -- Inhaltsverzeichnis -- Einleitung -- I. Die Lehre vom limitierenden Staatszweck in der Steuerauffassung -- a) Die Scholastik -- b) Die römisch-rechtliche Steuerliteratur -- II. Die Steuertheorie des expansiven Wohlfahrtsstaates -- a) Der Merkantilismus -- b) Die Physiokratie -- III. Die Steuerlehre der Klassiker -- IV. Der deutsche Smithianismus auf dem Boden der Kant'schen Staatslehre -- V. Die Romantik -- VI. Die historisch-organische Richtung -- VII. Die individualistisch-werttheoretische Steuerauffassung -- VIII. Schlußbetrachtungen -- Schlußwort. Von Hans Ritschl, Basel.
|
| 588 |
|
|
|a Description based on publisher supplied metadata and other sources.
|
| 590 |
|
|
|a Electronic reproduction. Ann Arbor, Michigan : ProQuest Ebook Central, 2024. Available via World Wide Web. Access may be limited to ProQuest Ebook Central affiliated libraries.
|
| 655 |
|
4 |
|a Electronic books.
|
| 776 |
0 |
8 |
|i Print version:
|a Lotz, Walther
|t Kapitalbildung und Besteuerung
|d Berlin : Duncker & Humblot,c2016
|z 9783428175116
|
| 797 |
2 |
|
|a ProQuest (Firm)
|
| 830 |
|
0 |
|a Duncker and Humblot Reprints Series
|
| 856 |
4 |
0 |
|u https://ebookcentral.proquest.com/lib/matrademy/detail.action?docID=7101422
|z Click to View
|